Magnetoelectricity in composites /
Magnetoelectric composites, which simultaneously exhibit ferroelectricity and ferromagnetism, have recently stimulated a sharply increasing number of research activities for their scientific interest and significant technological promise in the novel multifunctional devices. Natural single-phase com...
| Corporate Author: | |
|---|---|
| Other Authors: | , |
| Format: | eBook |
| Language: | English |
| Published: |
Singapore :
Pan Stanford Pub.,
©2012.
|
| Subjects: | |
| Online Access: | Connect to the full text of this electronic book Connect to the full text of this electronic book |
MARC
| Tag | First Indicator | Second Indicator | Subfields |
|---|---|---|---|
| LEADER | 00000cam a2200000 a 4500 | ||
| 001 | in00005521821 | ||
| 006 | m o d | ||
| 007 | cr ||||||||||| | ||
| 008 | 120216s2012 si af ob 001 0 eng d | ||
| 005 | 20241108165624.1 | ||
| 035 | |a (OCoLC)ocn777010716 | ||
| 040 | |a CUS |b eng |e pn |c CUS |d WAU |d N$T |d YDXCP |d OTZ |d E7B |d OCLCQ |d DEBSZ |d OCLCQ |d CDX |d UMI |d DEBBG |d CRCPR |d OCLCQ |d OCLCF |d OCLCQ |d PIFBY |d ERL |d UAB |d OCLCQ |d CEF |d NLE |d AU@ |d UKMGB |d S9I |d LEAUB |d OCLCQ |d K6U |d OCLCO |d OCLCQ |d SFB |d OCLCQ |d OCLCO |d OCLCL |d OCLCQ |d OCLCL | ||
| 015 | |a GBB7C6082 |2 bnb | ||
| 016 | 7 | |a 018425934 |2 Uk | |
| 019 | |a 879653113 |a 956751870 |a 1009343319 |a 1044222569 |a 1044374689 |a 1056374757 |a 1056418206 |a 1058318329 |a 1078481865 | ||
| 020 | |a 9789814267830 |q (electronic bk.) | ||
| 020 | |a 981426783X |q (electronic bk.) | ||
| 020 | |z 9789814267793 |q (hbk.) | ||
| 020 | |z 9814267791 |q (hbk.) | ||
| 024 | 7 | |a 10.1201/b11520 |2 doi | |
| 035 | |a (OCoLC)777010716 |z (OCoLC)879653113 |z (OCoLC)956751870 |z (OCoLC)1009343319 |z (OCoLC)1044222569 |z (OCoLC)1044374689 |z (OCoLC)1056374757 |z (OCoLC)1056418206 |z (OCoLC)1058318329 |z (OCoLC)1078481865 | ||
| 037 | |a CL0500000428 |b Safari Books Online | ||
| 050 | 4 | |a QC761.5 |b .M346 2012 | |
| 072 | 7 | |a SCI |x 038000 |2 bisacsh | |
| 082 | 0 | 4 | |a 538.44 |
| 049 | |a TXAM | ||
| 245 | 0 | 0 | |a Magnetoelectricity in composites / |c editors, Mirza I. Bichurin, Dwight Viehland. |
| 260 | |a Singapore : |b Pan Stanford Pub., |c ©2012. | ||
| 300 | |a 1 online resource (xi, 257 pages, 16 pages of color plates) : |b illustrations (some color) | ||
| 336 | |a text |b txt |2 rdacontent | ||
| 337 | |a computer |b c |2 rdamedia | ||
| 338 | |a online resource |b cr |2 rdacarrier | ||
| 347 | |a data file |2 rda | ||
| 504 | |a Includes bibliographical references and index. | ||
| 588 | 0 | |a Print version record. | |
| 505 | 0 | |a 1. Magnetoelectric interaction in magnetically ordered materials (review) / M.I. Bichurin -- 2. Effective medium approach : low-frequency range / M.I. Bichurin and V.M. Petrov -- 3. Magnetoelectric effect in the electromechanical resonance range / M.I. Bichurin and V.M. Petrov -- 4. Magnetoelectric effect and green's function method / Ce-Wen Nan -- 5. Equivalent circuit method and magnetoelectric low-frequency devices / S. Dong and D. Viehland -- 6. Ferrite-piezoelectric composites at ferromagnetic resonance range and magnetoelectric microwave devices / G. Srinivasan and M.I. Bichurin -- 7. Magnetoelectric effects in nanocomposites / V.M. Petrov and M.I. Bichurin. | |
| 520 | |a Magnetoelectric composites, which simultaneously exhibit ferroelectricity and ferromagnetism, have recently stimulated a sharply increasing number of research activities for their scientific interest and significant technological promise in the novel multifunctional devices. Natural single-phase compounds are rare, and their magnetoelectric responses are either relatively weak or occurs at temperatures too low for practical applications. In contrast, composites, which incorporate both ferroelectric and ferri-/ferromagnetic phases, typically yield giant magnetoelectric coupling response above r. | ||
| 650 | 0 | |a Ferromagnetism. | |
| 650 | 0 | |a Ferroelectricity. | |
| 650 | 0 | |a Composite materials. | |
| 650 | 6 | |a Ferromagnétisme. | |
| 650 | 6 | |a Ferroélectricité. | |
| 650 | 6 | |a Composites. | |
| 650 | 7 | |a composite material. |2 aat | |
| 650 | 7 | |a SCIENCE |x Physics |x Magnetism. |2 bisacsh | |
| 650 | 7 | |a Composite materials |2 fast | |
| 650 | 7 | |a Ferroelectricity |2 fast | |
| 650 | 7 | |a Ferromagnetism |2 fast | |
| 655 | 7 | |a Electronic books. |2 local | |
| 700 | 1 | |a Bichurin, Mirza I. | |
| 700 | 1 | |a Viehland, Dwight Douglas, |d 1962- |1 https://id.oclc.org/worldcat/entity/E39PCjxg4cMJCbcvCg38FVQ7RC | |
| 710 | 2 | |a Taylor & Francis. | |
| 758 | |i has work: |a Magnetoelectricity in composites (Text) |1 https://id.oclc.org/worldcat/entity/E39PCH3JVX9vR4GcTHQYhRc4C3 |4 https://id.oclc.org/worldcat/ontology/hasWork | ||
| 776 | 0 | 8 | |i Print version: |t Magnetoelectricity in composites. |d Singapore : Pan Stanford Pub., ©2012 |z 9789814267793 |w (OCoLC)610157656 |
| 856 | 4 | 0 | |u http://proxy.library.tamu.edu/login?url=https://www.taylorfrancis.com/books/9780429067259 |z Connect to the full text of this electronic book |t 0 |
| 856 | 4 | 0 | |u https://go.oreilly.com/TAMU/library/view/-/9789814267830/?ar |z Connect to the full text of this electronic book |t 0 |
| 955 | |a Taylor and Francis ENGnetBASE | ||
| 955 | |a Safari/O'Reilly ebooks | ||
| 994 | |a 92 |b TXA | ||
| 999 | f | f | |s 34898e34-65a5-4675-9939-17967646cf16 |i 17cc232b-0cec-4b6c-8abc-99bb783f6057 |t 0 |
| 952 | f | f | |a Texas A&M University |b College Station |c Electronic Resources |d Available Online |t 0 |e QC761.5 .M346 2012 |h Library of Congress classification |
| 998 | f | f | |a QC761.5 .M346 2012 |t 0 |l Available Online |